Catalog

Record Details

Catalog Search



Varicella-Zoster Virus Epithelial Keratitis in Herpes Zoster Ophthalmicus In Vivo Morphology in the Human Cornea  Cover Image E-book E-book

Varicella-Zoster Virus Epithelial Keratitis in Herpes Zoster Ophthalmicus [electronic resource] : In Vivo Morphology in the Human Cornea / by Helena M. Tabery.

Record details

  • ISBN: 9783642144875
  • Physical Description: XIII, 92p. 101 illus., 100 illus. in color. online resource.
  • Publisher: Berlin, Heidelberg : Springer Berlin Heidelberg : 2011.
Subject: Medicine.
Emerging infectious diseases.
Ophthalmology.
Medicine & Public Health.
Ophthalmology.
Infectious Diseases.

Electronic resources


LDR 01433nam a22003735i 4500
00138878
003CONS
00520130725203243.0
007cr nn 008mamaa
008101210s2011 gw | s |||| 0|eng d
020 . ‡a9783642144875 ‡9978-3-642-14487-5
0247 . ‡a10.1007/978-3-642-14487-5 ‡2doi
035 . ‡a(DE-He213)978-3-642-14487-5
050 4. ‡aRE1-994
072 7. ‡aMJQ ‡2bicssc
072 7. ‡aMED063000 ‡2bisacsh
1001 . ‡aTabery, Helena M. ‡eauthor.
24510. ‡aVaricella-Zoster Virus Epithelial Keratitis in Herpes Zoster Ophthalmicus ‡h[electronic resource] : ‡bIn Vivo Morphology in the Human Cornea / ‡cby Helena M. Tabery.
264 1. ‡aBerlin, Heidelberg : ‡bSpringer Berlin Heidelberg : ‡bImprint: Springer, ‡c2011.
300 . ‡aXIII, 92p. 101 illus., 100 illus. in color. ‡bonline resource.
336 . ‡atext ‡btxt ‡2rdacontent
337 . ‡acomputer ‡bc ‡2rdamedia
338 . ‡aonline resource ‡bcr ‡2rdacarrier
347 . ‡atext file ‡bPDF ‡2rda
650 0. ‡aMedicine.
650 0. ‡aEmerging infectious diseases.
650 0. ‡aOphthalmology.
65014. ‡aMedicine & Public Health.
65024. ‡aOphthalmology.
65024. ‡aInfectious Diseases.
7102 . ‡aSpringerLink (Online service)
7730 . ‡tSpringer eBooks
77608. ‡iPrinted edition: ‡z9783642144868
85640. ‡uhttp://biblioteca.ipicyt.edu.mx:2048/login?url=http://dx.doi.org/10.1007/978-3-642-14487-5 ‡yTexto completo ‡9CONS
950 . ‡aMedicine (Springer-11650)
901 . ‡a38878 ‡b ‡c38878 ‡tbiblio ‡sSystem Local

Additional Resources